000
00311nam a2200133Ia 4500
003
OSt
005
20230727054603.0
008
170524s9999 xx 000 0 und d
040
_c
IIMT UNIVERSITY
100
_a
MISHRA- SK
245
0
_a
INDIAN ECONOMY
260
_b
SOUTH ASIA: PEARSON EDUCATION
942
_2
ddc
_c
02
999
_c
8029
_d
8029